| 000 | 00733nam a2200217 a 4500 | ||
|---|---|---|---|
| 001 | 000047799 | ||
| 005 | 20260428073714.0 | ||
| 008 | 180810s1988 dr a r 000 0 spa d | ||
| 040 |
_aDO-SdBNP _bspa _cBNPHU |
||
| 082 |
_aRD862.4408 _bC744o, 1988 |
||
| 111 | 1 |
_aConcurso Casa de Teatro _d(1987 : _cSanto Domingo, República Dominicana) _975385 |
|
| 245 | 1 | 0 |
_aConcurso de teatro 1987 : _bcasa de teatro. |
| 260 |
_aSanto Domingo : _bCasa de Teatro, _c1988. |
||
| 300 |
_a177 p. : _bil. ; _c21 cm. |
||
| 590 | _aInventariado, 2019/BT | ||
| 650 | 0 |
_aTeatro dominicano _9637 |
|
| 650 | 4 |
_aColecciones _974630 |
|
| 650 | 0 |
_aLiteratura dominicana. _967 |
|
| 650 | 0 |
_aPremios literarios _91542 |
|
| 910 | _aValidado. Control de calidad. MFF | ||
| 999 |
_c47287 _d47287 |
||